Word Ladder: Amy Schumer Movie Quiz Stats

Quiz Updated Nov 8, 2015

Challenge
Share
Tweet
Embed
Score 0/14 Timer 01:30
0 Plays Today
Clue 5-Letter Word % Correct
Headgear for a princessCROWN
98.2%
One who plays football in ClevelandBROWN
95.2%
Muscular strengthBRAWN
92.9%
Source of an ideaBRAIN
92.4%
Sing like Frank SinatraCROON
92%
Nixon claimed not to be thisCROOK
88.8%
An earthenware pot or jarCROCK
82.3%
Clue 5-Letter Word % Correct
Follow the scent of an animalTRACK
79.1%
With [Last Rung], 2015 Amy Schumer - Bill Hader Rom-ComTRAIN
72.6%
Common wall or path componentBRICK
72.3%
A set of cards taken in bridgeTRICK
69.9%
Ash's buddy in PokémonBROCK
69.7%
With [First Rung], 2015 Amy Schumer - Bill Hader Rom-ComWRECK
65.9%
Ruin or destructionWRACK
57.4%

Today's Daily Dose

Missing Word
Brians

On This Day
January 17th

You're not logged in!

Compare scores with friends on all Sporcle quizzes.
Sign Up with Email
OR
Log In

You Might Also Like...

Show Comments

Extras

Top Quizzes Today


Score Distribution

Your Account Isn't Verified!

In order to create a playlist on Sporcle, you need to verify the email address you used during registration. Go to your Sporcle Settings to finish the process.